000 00705nam a2200205Ia 4500
003 GCL
008 140319s9999 xx 000 0 ara d
040 _aGCL /
_cGCL
082 0 4 _a920
_bع س
100 1 _aعبدالحميد الثانى
245 1 0 _aالسلطان عبدالحميد الثانى: مذكراتى السياسية 1908-1891 /
_cعبدالحميد الثانى
300 _a223 ص
490 _a
650 0 4 _aالامبراطورية العثمانية
650 0 4 _aالعثمانيون
650 0 4 _aالامبراطوريةالعثمانية - عصر الضعف
650 0 4 _aعبدالحميد الثانى
650 0 4 _aالسياسيون - تراجم
942 _2ddc
_cBK
999 _c38799
_d38799